On This Day: January 28th Quiz Stats

 Plays Quiz Updated Jan 28, 2018

Challenge
Share
Tweet
Embed
Score 0/7 Timer 03:00
0 Plays Today
Question Answer Wrong Answers
This iconic musician, whose first single was ‘Heartbreak Hotel’, makes his first American television appearance.
1956
Elvis Presley
94.2%
Frank Sinatra
0.9%
Johnny Cash
1.9%
Bob Dylan
1.5%
The modern brick design for this toy brand is patented, still compatible with bricks produced today.
1958
Lego
92.8%
Playmobil
0.4%
K'Nex
0.3%
Lincoln Logs
4.6%
Supergroup ‘USA for Africa’ records this hit single to help raise funds for Ethiopian famine relief.
1985
We Are the World
89.5%
Heal the World
5.4%
Earth Song
1.7%
Wind of Change
1.5%
United States troops begin their withdrawal from occupied ______, with the exception of Guantanamo Bay Naval Base, having been stationed in parts of the nation since the Spanish–American War began in 1898.
1909
Cuba
88.9%
Panama
6.1%
Nicaragua
2.8%
Saint Lucia
0.9%
This American actor, perhaps best known for his role as Frodo Baggins in the film trilogy ‘The Lord of the Rings,' is born.
1981
Elijah Wood
80.5%
Orlando Bloom
5.7%
Sean Astin
8.5%
Daniel Radcliffe
3.4%
This Jane Austen novel, which charts the emotional development of the protagonist, Elizabeth Bennet, is first published in the United Kingdom.
1813
Pride and Prejudice
73.9%
Sense and Sensibility
15.7%
Wuthering Heights
7.5%
Great Expectations
3%
Walter Arnold of East Peckham, Kent, becomes the first person convicted of ______. He is fined one shilling.
1896
Speeding
53.6%
Littering
10.6%
Jaywalking
22.9%
Public Intoxication
12.2%

Today's Daily Dose

You're not logged in!

Compare scores with friends on all Sporcle quizzes.
OR
Log In

You Might Also Like...

Show Comments

Extras

Top Quizzes Today


Score Distribution

Your Account Isn't Verified!

In order to create a playlist on Sporcle, you need to verify the email address you used during registration. Go to your Sporcle Settings to finish the process.

Report this User

Report this user for behavior that violates our Community Guidelines.

Details: